000
002830000a22001090004500
100
1
_a
Mukherjee, Neela
245
1
0
_a
Las mujeres del campo y la inseguridad alimenticia
300
_a
Núm 32 (1997), Páginas 1-3
700
1
_a
Mukherjee, Amitava
773
0
_t
Paso a paso
942
_c
ANA
999
_c
52361
_d
52361